000
00328nam a22001337a 4500
008
170526b xxu||||| |||| 00| 0 eng d
020
_a
0198513615
041
_a
eng
080
_a
621
100
_a
27
101
_a
IM
245
_a
NONEQUILIBRIUM THERMODYNAMICS AND ITS STATISTICAL FOUNDATIONS
_c
KREUZER,H.J
942
_2
udc
_c
BK
999
_c
14456
_d
14456